[Event "San Jose 1000 GM Spring Break 1A"]
[Site "San Jose"]
[Date "2024.03.29"]
[Round "2.4"]
[White "Yan, Nathan"]
[Black "Zuluaga Mancilla, Cesar"]
[Result "0-1"]
[WhiteElo "2181"]
[BlackElo "2206"]
[PlyCount "65"]
[EventDate "2024.03.29"]
[EventType "schev"]
[EventRounds "5"]
[EventCountry "USA"]
[SourceTitle "CB16_2024"]
[SourceDate "2024.04.17"]
[SourceVersion "1"]
[SourceVersionDate "2024.04.17"]
[SourceQuality "1"]

1. e4 c5 2. Nf3 e6 3. d4 cxd4 4. Nxd4 a6 5. Nc3 Qc7 6. Bd3 Nf6 7. Qe2 d6 8. g4 Nc6 9. Nxc6 bxc6 10. g5 Nd7 11. Bf4 Nc5 12. 0-0-0 Be7 13. h4 a5 14. h5 e5 15. Be3 Nxd3+ 16. cxd3 a4 17. Qc2 Qa5 18. Rdg1 Be6 19. g6 fxg6 20. hxg6 h6 21. d4 a3 22. b3 exd4 23. Bxd4 0-0 24. Ne2 Rf3 25. Be3 Bf6 26. Nf4 Qe5 27. Nxe6 Qxe6 28. Rh5 d5 29. exd5 cxd5 30. Qd2 Rc8+ 31. Kd1 d4 32. Bxh6 gxh6 33. Qxh6 0-1

[Event "San Jose 1000 GM Spring Break 1A"]
[Site "San Jose"]
[Date "2024.03.29"]
[Round "1.5"]
[White "Zuluaga Mancilla, Cesar"]
[Black "Tang, Dylan"]
[Result "0-1"]
[WhiteElo "2206"]
[BlackElo "2217"]
[PlyCount "56"]
[EventDate "2024.03.29"]
[EventType "schev"]
[EventRounds "5"]
[EventCountry "USA"]
[SourceTitle "CB16_2024"]
[SourceDate "2024.04.17"]
[SourceVersion "1"]
[SourceVersionDate "2024.04.17"]
[SourceQuality "1"]

1. d4 d5 2. Nf3 Nf6 3. c4 e6 4. Nc3 Be7 5. Qb3 dxc4 6. Qxc4 a6 7. a4 b5 8. Qd3 b4 9. Ne4 Nxe4 10. Qxe4 Ra7 11. Qc2 Bb7 12. Bf4 0-0 13. e3 c5 14. dxc5 Qa5 15. Bd6 Bxd6 16. cxd6 Rc8 17. Qd2 Bxf3 18. gxf3 Rd7 19. Rg1 Rcd8 20. Qd4 e5 21. Rg5 Nc6 22. Qc4 b3+ 23. Qc3 Nb4 24. Rd1 Nc2+ 25. Ke2 Qxc3 26. bxc3 b2 27. Rb1 Rxd6 28. f4 e4 0-1

[Event "Santa Clara 1000 GM Schev3 03"]
[Site "Santa Clara"]
[Date "2024.03.09"]
[Round "1.2"]
[White "Penagalapati, Abhinav"]
[Black "Zuluaga Mancilla, Cesar"]
[Result "1-0"]
[WhiteElo "2043"]
[BlackElo "2217"]
[PlyCount "103"]
[EventDate "2024.03.06"]
[EventType "schev"]
[EventRounds "5"]
[EventCountry "USA"]
[SourceTitle "CB13_2024"]
[SourceDate "2024.03.27"]
[SourceVersion "1"]
[SourceVersionDate "2024.03.27"]
[SourceQuality "1"]

1. Nf3 d5 2. e3 c6 3. c4 Nf6 4. b3 Bf5 5. Bb2 e6 6. Nc3 h6 7. Be2 Nbd7 8. d4 Bd6 9. Bd3 Bxd3 10. Qxd3 0-0 11. 0-0 Bb4 12. Nd2 a5 13. a3 Be7 14. Rfd1 Qb6 15. c5 Qc7 16. f4 Nh7 17. Rf1 f5 18. b4 Nhf6 19. Rfc1 g5 20. Ne2 Rf7 21. Bc3 a4 22. b5 Rg7 23. Rab1 Nh5 24. Nf3 gxf4 25. Nxf4 Nxf4 26. exf4 Qxf4 27. bxc6 bxc6 28. Re1 Qg4 29. Qe2 Kh8 30. Rb7 Bf6 31. Qd2 f4 32. Kh1 Rag8 33. Rb2 Qf5 34. Re2 Kh7 35. Qe1 Re8 36. Rb7 Reg8 37. Rbb2 Nf8 38. Ba5 Kh8 39. Rb8 Qg4 40. Rc8 e5 41. dxe5 Qxc8 42. exf6 Rf7 43. Bc3 Ng6 44. Re6 Kh7 45. Nd4 Qa6 46. Nf5 Qd3 47. Nd6 f3 48. Nxf7 fxg2+ 49. Kg1 Nf4 50. Re3 Qe4 51. Nd6 Qg6 52. Re7+ 1-0

[Event "Sunnyvale 1000 IM Winter 01"]
[Site "Sunnyvale"]
[Date "2024.01.05"]
[Round "6"]
[White "Zuluaga Mancilla, Cesar"]
[Black "Sivakumar, Shaashwath"]
[Result "0-1"]
[WhiteElo "2251"]
[BlackElo "2205"]
[PlyCount "128"]
[EventDate "2024.01.02"]
[EventType "schev"]
[EventRounds "9"]
[EventCountry "USA"]
[SourceTitle "CB02_2024"]
[SourceDate "2024.01.10"]
[SourceVersion "1"]
[SourceVersionDate "2024.01.10"]
[SourceQuality "1"]

1. d4 d5 2. Nf3 Nf6 3. e3 Bf5 4. c4 c6 5. Nc3 a6 6. Qb3 Ra7 7. Nh4 Bc8 8. Bd2 e6 9. Nf3 Be7 10. Qc2 0-0 11. Bd3 dxc4 12. Bxc4 c5 13. dxc5 Bxc5 14. a3 b5 15. Be2 Rc7 16. 0-0 Bb7 17. Rfd1 Nbd7 18. b4 Be7 19. Qb3 Qc8 20. Rac1 Qb8 21. a4 bxa4 22. Nxa4 Rfc8 23. Rxc7 Rxc7 24. h3 Ne4 25. Be1 Qc8 26. Qb1 h6 27. Bd3 Nef6 28. e4 Bc6 29. Nc3 Ba8 30. Ne2 Bb7 31. Bd2 Qa8 32. Bf4 Rc8 33. Ng3 Nb6 34. Rc1 Rxc1+ 35. Bxc1 Qc8 36. Be3 Nbd7 37. Bd4 Qc6 38. Qb2 Qa4 39. Bc3 Qd1+ 40. Ne1 Nb6 41. Bc2 Qd7 42. Bd4 Nc4 43. Qc3 Nd6 44. Bxf6 Bxf6 45. Qd3 Be5 46. f4 Bxf4 47. Nh5 Be5 48. Nf3 Bxe4 49. Qe3 Bxc2 50. Qxe5 Ne8 51. Nd4 Ba4 52. Qe3 Qd6 53. Qc3 Bd7 54. Nf3 Bc6 55. Ne5 Bb7 56. Ng4 Qd5 57. Nf4 Qe4 58. Qg3 Kf8 59. Nh5 Qxb4 60. Ne5 Qd6 61. Nxg7 Qd1+ 62. Kh2 Nxg7 63. Qa3+ Kg8 64. Qe7 Qf1 0-1

[Event "Sunnyvale 1000 IM Winter 01"]
[Site "Sunnyvale"]
[Date "2024.01.03"]
[Round "3"]
[White "Goktepe, Derin"]
[Black "Zuluaga Mancilla, Cesar"]
[Result "1/2-1/2"]
[WhiteElo "2187"]
[BlackElo "2251"]
[PlyCount "107"]
[EventDate "2024.01.02"]
[EventType "schev"]
[EventRounds "9"]
[EventCountry "USA"]
[SourceTitle "CB02_2024"]
[SourceDate "2024.01.10"]
[SourceVersion "1"]
[SourceVersionDate "2024.01.10"]
[SourceQuality "1"]

1. d4 d5 2. c4 c6 3. Nc3 Nf6 4. cxd5 cxd5 5. Bf4 Nc6 6. e3 a6 7. Be2 e6 8. Rc1 Be7 9. Nf3 0-0 10. Ne5 Bd7 11. 0-0 Nxe5 12. Bxe5 Qb6 13. Qb3 Qxb3 14. axb3 b5 15. Bd3 Rfc8 16. f3 Bc6 17. Rc2 Nd7 18. Bg3 b4 19. Ne2 Bb7 20. Rfc1 Rxc2 21. Rxc2 Rc8 22. Rc7 Rxc7 23. Bxc7 h6 24. Kf2 Kf8 25. Nc1 Ke8 26. Na2 Bc8 27. Ba5 Nb8 28. Bxb4 Bd7 29. Ke2 Bxb4 30. Nxb4 a5 31. Nc2 Nc6 32. Kd2 Nb4 33. Kc3 Na2+ 34. Kd2 Nb4 35. Be2 Kd8 36. Na3 Kc7 37. Nb1 Kb6 38. Nc3 Bc6 39. Na4+ Bxa4 40. bxa4 f6 41. Bb5 Kc7 42. f4 Kd6 43. g4 g5 44. fxg5 hxg5 45. Bf1 e5 46. Bg2 e4 47. Bf1 Ke6 48. Bb5 Kd6 49. Kc3 Ke6 50. Kd2 Ke7 51. Kc3 Ke6 52. Kd2 Ke7 53. Kc3 Na2+ 54. Kb3 1/2-1/2

[Event "Sunnyvale 1000 IM Winter 01"]
[Site "Sunnyvale"]
[Date "2024.01.03"]
[Round "2"]
[White "Zuluaga Mancilla, Cesar"]
[Black "Atwell, Rose"]
[Result "1-0"]
[WhiteElo "2251"]
[BlackElo "2104"]
[PlyCount "79"]
[EventDate "2024.01.02"]
[EventType "schev"]
[EventRounds "9"]
[EventCountry "USA"]
[SourceTitle "CB02_2024"]
[SourceDate "2024.01.10"]
[SourceVersion "1"]
[SourceVersionDate "2024.01.10"]
[SourceQuality "1"]

1. d4 d5 2. Nf3 Nf6 3. Bf4 e6 4. e3 Bd6 5. c3 Bxf4 6. exf4 0-0 7. Nbd2 b6 8. g3 c5 9. Bd3 Ba6 10. Qe2 Bxd3 11. Qxd3 Nc6 12. 0-0 Qd6 13. Rfe1 g6 14. Rad1 Rfd8 15. a3 Rac8 16. Kg2 Ne7 17. Ne5 Qc7 18. Ndf3 Ne4 19. Ng5 Nxg5 20. fxg5 Nf5 21. Rd2 cxd4 22. cxd4 Nd6 23. Ng4 Nf5 24. Qf3 Qe7 25. Qf4 Qd6 26. Re5 Kg7 27. h4 b5 28. Nf6 Qb8 29. h5 h6 30. g4 hxg5 31. Qxg5 Ne7 32. h6+ Kf8 33. Nh7+ Ke8 34. Qf6 Nc6 35. Rxe6+ fxe6 36. Qxe6+ Ne7 37. Nf6+ Kf8 38. h7 Kg7 39. h8Q+ Kxh8 40. Qf7 1-0

[Event "Sunnyvale 1000 IM Winter 01"]
[Site "Sunnyvale"]
[Date "2024.01.02"]
[Round "1"]
[White "Sivakumar, Shaaketh"]
[Black "Zuluaga Mancilla, Cesar"]
[Result "1-0"]
[WhiteElo "2364"]
[BlackElo "2251"]
[PlyCount "171"]
[EventDate "2024.01.02"]
[EventType "schev"]
[EventRounds "9"]
[EventCountry "USA"]
[SourceTitle "CB02_2024"]
[SourceDate "2024.01.10"]
[SourceVersion "1"]
[SourceVersionDate "2024.01.10"]
[SourceQuality "1"]

1. e4 c5 2. Nf3 e6 3. g3 Nf6 4. Qe2 d6 5. Bg2 e5 6. 0-0 g6 7. b4 cxb4 8. a3 bxa3 9. d4 Nc6 10. dxe5 dxe5 11. Rd1 Bd7 12. Nxa3 Be7 13. Bb2 Qb8 14. h3 0-0 15. Nc4 Qc8 16. Kh2 Be6 17. Ncxe5 Rd8 18. Nxc6 Qxc6 19. e5 Ne8 20. Nd4 Qb6 21. Rab1 Ba2 22. Qe4 Bxb1 23. Rxb1 Ng7 24. c3 Rab8 25. Ba3 Qc7 26. Nb5 Qd7 27. Nd6 Ne8 28. Rd1 Nxd6 29. exd6 Bf6 30. c4 b6 31. Rd3 Re8 32. Qf4 Be5 33. Qh4 Kg7 34. Qg5 Rbd8 35. Rd5 f6 36. Qd2 Qa4 37. Qd3 Ba1 38. Rb5 Re1 39. Bf3 Be5 40. d7 a6 41. Rd5 Bc7 42. Bg4 Qc6 43. Bb4 Re5 44. Rxe5 fxe5 45. Be7 Kf7 46. Bxd8 Bxd8 47. Bf3 Qc5 48. Qe2 Ke7 49. Bd5 Qd4 50. Qf3 Kxd7 51. Qf7+ Be7 52. Kg2 Kd8 53. Qg8+ Kd7 54. Qxh7 g5 55. Qf5+ Kd8 56. Qe6 Bc5 57. Qg8+ Kd7 58. Qf7+ Kd8 59. Qf6+ Be7 60. Qe6 Bc5 61. Qf6+ Be7 62. Qh8+ Kc7 63. Be6 Bd8 64. Qg7+ Kd6 65. Bd5 Be7 66. Qh8 Kc7 67. Be6 Bd8 68. Qg7+ Kd6 69. Qd7+ Kc5 70. Bd5 b5 71. Qc6+ Kb4 72. Qd6+ Kc3 73. Qxd8 bxc4 74. Qa5+ Kb3 75. Bg8 Qe4+ 76. Kh2 Qd4 77. Kg1 Qd1+ 78. Kg2 Qd6 79. Qa1 Qc6+ 80. Kg1 Qb5 81. Qb1+ Ka4 82. Qa2+ Kb4 83. Qb2+ Ka4 84. Qc3 Qb1+ 85. Kh2 Qa2 86. Qxc4+ 1-0

[Event "Sunnyvale 1000 IM Winter 12"]
[Site "Sunnyvale"]
[Date "2023.12.30"]
[Round "8"]
[White "Sivakumar, Shaashwath"]
[Black "Zuluaga Mancilla, Cesar"]
[Result "0-1"]
[WhiteElo "2205"]
[BlackElo "2251"]
[PlyCount "106"]
[EventDate "2023.12.26"]
[EventType "schev"]
[EventRounds "9"]
[EventCountry "USA"]
[SourceTitle "CB01_2024"]
[SourceDate "2024.01.03"]
[SourceVersion "1"]
[SourceVersionDate "2024.01.03"]
[SourceQuality "1"]

1. d4 d5 2. c4 c6 3. Nf3 Nf6 4. e3 Bf5 5. Nc3 e6 6. Nh4 Bg6 7. Nxg6 hxg6 8. Qc2 Nbd7 9. g3 Bd6 10. b3 Rc8 11. Bg2 a6 12. 0-0 0-0 13. c5 Bb8 14. f4 Nh7 15. Bd2 g5 16. Qd3 f5 17. b4 g4 18. a4 Rf6 19. b5 axb5 20. axb5 Rh6 21. bxc6 bxc6 22. Qa6 Nhf6 23. Qb7 Rc7 24. Qa8 Rc8 25. Qb7 Rc7 26. Qb4 Kf7 27. Rf2 Qc8 28. Bf1 Ra7 29. Rxa7 Bxa7 30. Bc1 Rh8 31. Ra2 Bb8 32. Ba6 Qc7 33. Bb7 Ng8 34. Ra6 Ne7 35. Nd1 Nf6 36. Nf2 Qd7 37. Nd3 Ne4 38. Ra8 Ng6 39. Qb6 Bc7 40. Qa6 Rxa8 41. Bxa8 Ne7 42. Nb4 g5 43. Bxc6 Qd8 44. Bb7 gxf4 45. exf4 Qh8 46. Qb5 Qxd4+ 47. Kg2 Qf2+ 48. Kh1 Qe1+ 49. Kg2 Qxc1 50. Na6 Qd2+ 51. Kg1 Qf2+ 52. Kh1 Bxf4 53. gxf4 g3 0-1

[Event "Sunnyvale 1000 IM Winter 12"]
[Site "Sunnyvale"]
[Date "2023.12.27"]
[Round "2"]
[White "Zuluaga Mancilla, Cesar"]
[Black "Chiang, Jacob"]
[Result "0-1"]
[WhiteElo "2251"]
[BlackElo "2200"]
[PlyCount "88"]
[EventDate "2023.12.26"]
[EventType "schev"]
[EventRounds "9"]
[EventCountry "USA"]
[SourceTitle "CB01_2024"]
[SourceDate "2024.01.03"]
[SourceVersion "1"]
[SourceVersionDate "2024.01.03"]
[SourceQuality "1"]

1. d4 Nf6 2. Nf3 b6 3. c4 e6 4. a3 Be7 5. Nc3 Bb7 6. Bf4 0-0 7. e3 d5 8. Rc1 c5 9. dxc5 bxc5 10. cxd5 exd5 11. Be2 Nbd7 12. 0-0 Rc8 13. h3 Re8 14. Qa4 a6 15. Rfd1 Qb6 16. Ne5 Nf8 17. Bf3 Red8 18. Qc2 Ne6 19. Bh2 Ng5 20. Be2 Nge4 21. Na4 Qa7 22. Ng4 d4 23. Nxf6+ Bxf6 24. Bc4 Bg5 25. Bf4 Bxf4 26. exf4 Nd6 27. b3 Nxc4 28. Qxc4 Bd5 29. Qd3 Re8 30. b4 c4 31. Qd2 Rcd8 32. Nc5 Qa8 33. f3 c3 34. Qf2 Bc4 35. Ne4 f5 36. Rxd4 fxe4 37. Rxc4 Rd2 38. Qg3 exf3 39. gxf3 Qa7+ 40. Kh1 Qd7 41. Re4 Rxe4 42. fxe4 Rd1+ 43. Rxd1 Qxd1+ 44. Kg2 Qd2+ 0-1

[Event "Sunnyvale 1000 Schev 2 11"]
[Site "Sunnyvale"]
[Date "2023.11.13"]
[Round "6.3"]
[White "Zuluaga Mancilla, Cesar"]
[Black "Yan, Nathan"]
[Result "1/2-1/2"]
[WhiteElo "2237"]
[BlackElo "2202"]
[PlyCount "40"]
[EventDate "2023.11.10"]
[EventType "schev"]
[EventRounds "6"]
[EventCountry "USA"]
[SourceTitle "CB47_2023"]
[SourceDate "2023.11.22"]
[SourceVersion "1"]
[SourceVersionDate "2023.11.22"]
[SourceQuality "1"]

1. d4 Nf6 2. Nf3 d5 3. e3 e6 4. c4 Bb4+ 5. Nbd2 0-0 6. a3 Be7 7. Qc2 b6 8. b3 Bb7 9. Bb2 Nbd7 10. Be2 Rc8 11. Rd1 c5 12. dxc5 Nxc5 13. 0-0 Qe8 14. Qb1 Nfe4 15. Qa1 Bf6 16. Bxf6 Nxf6 17. b4 Nce4 18. Rc1 Qe7 19. h3 h6 20. Rfd1 Rfd8 1/2-1/2

[Event "Sunnyvale 1000-A 09"]
[Site "Sunnyvale"]
[Date "2023.09.17"]
[Round "4"]
[White "Goktepe, Derin"]
[Black "Zuluaga Mancilla, Cesar"]
[Result "1-0"]
[WhiteElo "2163"]
[BlackElo "2246"]
[PlyCount "161"]
[EventDate "2023.09.16"]
[EventType "schev"]
[EventRounds "5"]
[EventCountry "USA"]
[SourceTitle "EXT 2024"]
[Source "ChessBase"]
[SourceDate "2023.10.10"]
[SourceVersion "1"]
[SourceVersionDate "2023.10.10"]
[SourceQuality "1"]

1. d4 d5 2. c4 e6 3. Nf3 a6 4. cxd5 exd5 5. Nc3 c6 6. Bf4 Nf6 7. e3 Bf5 8. Bd3 Bxd3 9. Qxd3 Nbd7 10. 0-0 Be7 11. Ne5 0-0 12. h3 Re8 13. Rfc1 Rc8 14. Na4 Nxe5 15. Bxe5 Nd7 16. Bg3 g6 17. a3 b5 18. Nc3 f5 19. a4 Qb6 20. axb5 axb5 21. Ne2 Ra8 22. Qc3 Rxa1 23. Rxa1 Rc8 24. Qb3 Qb7 25. Nf4 Nb6 26. Nd3 Ra8 27. Rc1 Nc4 28. Ne5 Ra4 29. Qc3 Bb4 30. Qb3 Qa6 31. Kh2 Be7 32. Nxc4 dxc4 33. Qc2 Ra2 34. e4 Qc8 35. Qb1 Ra4 36. Rc3 Qe6 37. exf5 Qxf5 38. Qe1 Ra7 39. Re3 Bf8 40. Re5 Qf7 41. Qe4 Qd7 42. d5 cxd5 43. Rxd5 Qc6 44. Qd4 Rf7 45. Rd8 Qf6 46. Qd5 Qf5 47. Be5 Qd3 48. Qxd3 cxd3 49. f4 Rb7 50. Rxd3 Kf7 51. Kg3 Be7 52. Kf3 Ke6 53. Ke4 Ra7 54. g4 Ra4+ 55. Rd4 Ra1 56. f5+ gxf5+ 57. gxf5+ Kf7 58. Kd5 Rf1 59. Rf4 Rd1+ 60. Kc6 b4 61. Rd4 Rf1 62. Bd6 Bf6 63. Rxb4 Rxf5 64. Rb7+ Kg6 65. b4 Rf3 66. b5 Rxh3 67. b6 Rb3 68. Rb8 Rc3+ 69. Kd7 Rd3 70. Rg8+ Kf7 71. Rg3 Rd1 72. Rf3 Rb1 73. Kc6 Rc1+ 74. Bc5 Ke6 75. Rxf6+ Kxf6 76. b7 Rb1 77. Bb6 Rc1+ 78. Kd5 Rd1+ 79. Kc4 Rc1+ 80. Kd3 Rd1+ 81. Kc2 1-0

[Event "Sunnyvale 1000-A 09"]
[Site "Sunnyvale"]
[Date "2023.09.17"]
[Round "5"]
[White "Zuluaga Mancilla, Cesar"]
[Black "Tang, Dylan"]
[Result "1/2-1/2"]
[WhiteElo "2246"]
[BlackElo "2148"]
[PlyCount "35"]
[EventDate "2023.09.16"]
[EventType "schev"]
[EventRounds "5"]
[EventCountry "USA"]
[SourceTitle "EXT 2024"]
[Source "ChessBase"]
[SourceDate "2023.10.10"]
[SourceVersion "1"]
[SourceVersionDate "2023.10.10"]
[SourceQuality "1"]

1. d4 d5 2. Nf3 Nf6 3. Bg5 e6 4. e3 c5 5. c3 Nc6 6. Nbd2 Be7 7. Bd3 0-0 8. 0-0 b6 9. Qb1 h6 10. Bh4 Bb7 11. Ne5 Nd7 12. Bg3 f5 13. Ng6 Rf7 14. Nf3 Bf6 15. a3 c4 16. Bc2 b5 17. h4 a5 18. Qe1 1/2-1/2

[Event "Bucaramanga op"]
[Site "Bucaramanga"]
[Date "2023.09.09"]
[Round "7"]
[White "Flom, Gabriel"]
[Black "Zuluaga Mancilla, Cesar"]
[Result "1-0"]
[WhiteElo "2449"]
[BlackElo "2246"]
[PlyCount "51"]
[EventDate "2023.09.06"]
[EventType "swiss"]
[EventRounds "9"]
[EventCountry "COL"]
[SourceTitle "EXT 2024"]
[Source "ChessBase"]
[SourceDate "2023.10.10"]
[SourceVersion "1"]
[SourceVersionDate "2023.10.10"]
[SourceQuality "1"]

1. d4 d5 2. c4 e6 3. Nc3 a6 4. cxd5 exd5 5. Qb3 c6 6. e4 dxe4 7. Bc4 Qe7 8. a4 a5 9. Nge2 Bf5 10. Ng3 Bg6 11. 0-0 Qb4 12. Ncxe4 Qxb3 13. Bxb3 Be7 14. Re1 Kf8 15. Bf4 Na6 16. d5 cxd5 17. Bxd5 Nb4 18. Bxb7 Ra7 19. Rac1 f5 20. Rc8+ Kf7 21. Nd6+ Kf6 22. Be5+ Kg5 23. f4+ Kh6 24. Ndxf5+ Bxf5 25. Nxf5+ Kg6 26. Nxe7+ 1-0

[Event "Milpitas"]
[Site "Milpitas"]
[Date "2023.07.17"]
[Round "7"]
[White "Nathan, Nitish"]
[Black "Zuluaga Mancilla, Cesar"]
[Result "1/2-1/2"]
[WhiteElo "2179"]
[BlackElo "2225"]
[PlyCount "85"]
[EventDate "2023.07.14"]
[EventType "schev"]
[EventRounds "9"]
[EventCountry "USA"]
[SourceTitle "EXT 2024"]
[Source "ChessBase"]
[SourceDate "2023.10.10"]
[SourceVersion "1"]
[SourceVersionDate "2023.10.10"]
[SourceQuality "1"]

1. d4 d5 2. Bf4 Nf6 3. e3 c5 4. Nf3 Nc6 5. Nbd2 Qb6 6. dxc5 Qxc5 7. a3 e6 8. c4 Qb6 9. b4 Be7 10. c5 Qd8 11. Bb5 Bd7 12. h3 0-0 13. 0-0 a6 14. Bd3 b6 15. cxb6 Qxb6 16. Bh2 Rfc8 17. Qe2 Nd8 18. Be5 Bb5 19. Rfc1 Nc6 20. Bb2 Ne4 21. Bxb5 axb5 22. Nxe4 dxe4 23. Nd2 f5 24. Nb3 Rd8 25. Nc5 Rd6 26. Qc2 Rad8 27. Rd1 Kf7 28. Nb3 Rd3 29. Nd4 Ne5 30. Nxf5 Nf3+ 31. gxf3 exf5 32. f4 Qg6+ 33. Kh2 Qe6 34. Qe2 Qh6 35. Rac1 Bd6 36. Rxd3 exd3 37. Qf3 Qe6 38. Qh5+ Kg8 39. Bxg7 Qg6 40. Qxg6 hxg6 41. Bf6 Rf8 42. Bg5 Ra8 43. Rc3 1/2-1/2

[Event "Manizales op 28th"]
[Site "Manizales"]
[Date "2023.01.08"]
[Round "6"]
[White "Zuluaga Mancilla, Cesar"]
[Black "Esmeraldas Huachi, Anderson Yahir"]
[Result "1/2-1/2"]
[WhiteElo "2216"]
[BlackElo "2106"]
[PlyCount "128"]
[EventDate "2023.01.05"]
[EventType "swiss"]
[EventRounds "8"]
[EventCountry "COL"]
[SourceTitle "CBM 212 Extra"]
[Source "ChessBase"]
[SourceDate "2023.03.31"]
[SourceVersion "1"]
[SourceVersionDate "2023.03.31"]
[SourceQuality "1"]

1. d4 d5 2. Nf3 Nf6 3. Bf4 e6 4. e3 Bd6 5. Nbd2 Bxf4 6. exf4 b6 7. c3 0-0 8. Ne5 c5 9. Ndf3 Ne4 10. Be2 Ba6 11. Bxa6 Nxa6 12. 0-0 Qd6 13. g3 Nc7 14. Re1 Ne8 15. Kg2 Qc7 16. Rc1 Qb7 17. Kg1 N8d6 18. Nh4 c4 19. f3 Nf6 20. Qc2 b5 21. a3 a5 22. Ra1 b4 23. Reb1 Rfb8 24. f5 Ra6 25. fxe6 fxe6 26. axb4 axb4 27. Qd1 Rb6 28. Rc1 bxc3 29. bxc3 Rb3 30. Qe1 Nb5 31. Ng2 Qb6 32. Qe3 Na3 33. Nf4 Qd6 34. g4 Rf8 35. Ra2 Nb5 36. g5 Ne8 37. Ne2 Nec7 38. Rca1 Rf5 39. h4 Rf8 40. Qd2 Rb8 41. Kg2 Ra3 42. h5 Rba8 43. Rxa3 Rxa3 44. Rxa3 Qxa3 45. g6 Qf8 46. Nf7 Nd6 47. Nxd6 Qxd6 48. Qg5 h6 49. Qe3 Kf8 50. f4 Ne8 51. Ng3 Nf6 52. f5 exf5 53. Nxf5 Qc7 54. Qf3 Qb6 55. Kh3 Qe6 56. Kg2 Qe4 57. Ng3 Qc2+ 58. Kh3 Kg8 59. Qf4 Kh8 60. Qb8+ Ng8 61. Qb4 Qd3 62. Qa5 Qc2 63. Qb4 Qd3 64. Qa5 Qf3 1/2-1/2

[Event "Manizales op 28th"]
[Site "Manizales"]
[Date "2023.01.07"]
[Round "4"]
[White "Zuluaga Mancilla, Cesar"]
[Black "Escobar Forero, Alder"]
[Result "1/2-1/2"]
[WhiteElo "2216"]
[BlackElo "2459"]
[PlyCount "113"]
[EventDate "2023.01.05"]
[EventType "swiss"]
[EventRounds "8"]
[EventCountry "COL"]
[SourceTitle "CBM 212 Extra"]
[Source "ChessBase"]
[SourceDate "2023.03.31"]
[SourceVersion "1"]
[SourceVersionDate "2023.03.31"]
[SourceQuality "1"]

1. d4 Nf6 2. Nf3 e6 3. e3 c5 4. Bd3 b6 5. Nbd2 Bb7 6. 0-0 Be7 7. b3 cxd4 8. Nxd4 0-0 9. Bb2 Na6 10. c4 Nc5 11. Be2 Rc8 12. Rc1 Qc7 13. Qc2 Qb8 14. Bf3 d5 15. Qb1 Nce4 16. Nxe4 Nxe4 17. Rfd1 Ng5 18. Be2 Bd6 19. h4 Bh2+ 20. Kf1 Ne4 21. Rc2 dxc4 22. Bxc4 Rcd8 23. Nf3 Nf6 24. Rcd2 Bxf3 25. gxf3 Rxd2 26. Rxd2 Be5 27. Kg2 Bxb2 28. Qxb2 Rd8 29. Rd4 Rxd4 30. Qxd4 Kf8 31. Be2 Ke7 32. f4 Qd6 33. Qa4 a5 34. Bf3 Nd7 35. Qe4 g6 36. Qb7 Qb8 37. Qc6 h5 38. Qb5 Qd6 39. Bc6 Nb8 40. Bf3 Qc5 41. Qd3 b5 42. a4 bxa4 43. bxa4 Nd7 44. Qa6 Qb6 45. Qa8 Qd8 46. Qa7 Qb6 47. Qa8 Qd8 48. Qa7 Qb6 49. Qa8 Nc5 50. Bc6 Kd6 51. Bf3 Ke7 52. Bc6 Kd6 53. Bf3 Ke7 54. Bc6 Kd6 55. Be8 Ke7 56. Bc6 Kd6 57. Bf3 1/2-1/2